Quizzes
Events
Quiz Creation
Community
Videos
Private Events
Remove Ads
Sign In
Join for FREE
Feedback
Dark Mode
Quiz Categories
Sports
Geography
Music
Movies
Television
Just For Fun
Miscellaneous
History
Literature
Language
Science
Gaming
Entertainment
Religion
Holiday
For Kids
Quiz Lab
Recent
Popular Today
Quiz Kudos Today
Editor Picks
Curator Picks
Quizzes by...
Day
Popularity
Type
Ratings
Length
Year
Community
Subscriptions
Recent Discussions
Orange Saloon
Badges
Playlists
Quests
Create
Leaderboards
Showdown
Live 5
Trivia Bingo
Activity
Puzzle Library
Sporcle Events
Private Events
Virtual Trivia
Globe League
Become a Host
Pub Owners
SporcleCon
Opinionation
Our Games
Videos
Blog
Mobile Apps
Partnerships
Remove Ads and Go Orange
Feedback
Music
Pop Music
The Beatles
Song
Album
Lyrics
Bands
Singers
Artist
Clip
Rock
Rap
Classical
Billboard
Country Music
Kpop
Taylor Swift
Music
Pop Music
The Beatles
Song
Album
Lyrics
Bands
Singers
Artist
Clip
Rock
Rap
Classical
Billboard
Country Music
Kpop
Taylor Swift
Random Quiz
Search Sporcle
×
Quiz Lab
Quiz Lab
Music
Girls Aloud
Click on answers out of a set of options
Click on answers out of a set of options
Multiple Choice
Best Score? Go Orange.
Girls Aloud vs Sugababes vs The Saturdays Stats
Can you choose which girl band sang each song.
By
BambiKiller
4m
33 Questions
188 Plays
188 Plays
188 Plays
Comments
Comments
Give Quiz Kudos
Give Quiz Kudos
-
- Ratings
hide this ad
Forced Order
Questions have to be entered in order without skipping
Questions have to be entered in order without skipping
Random Order
Randomize order of answers
Randomize order of answers
Replay
Link that replays current quiz
Next Quiz
Link to next quiz in quiz playlist
You Got
0%
They Got
Avg Score
85%
Avg Friend Score
Upgrade to see
Score Distribution
Jump to the score distribution portion of the page
Score
0/33
Timer
04:00
0
Plays Today
Question
Answer
Wrong Answers
Can't Speak French
???
92%
???
1.1%
???
1.1%
No Good Advice
???
90.4%
???
0.5%
???
1.6%
Biology
???
90.4%
???
2.1%
???
0%
The Promise
???
90.4%
???
1.1%
???
3.2%
Something Kinda Ooooh
???
89.9%
???
0.5%
???
1.6%
Red Dress
???
89.9%
???
1.6%
???
1.6%
Sexy! No No No
???
89.9%
???
2.1%
???
2.1%
Round Round
???
88.8%
???
2.1%
???
2.1%
Hole in the Head
???
88.8%
???
2.1%
???
3.7%
Push the Button
???
88.3%
???
1.1%
???
2.7%
Ugly
???
88.3%
???
3.2%
???
2.1%
Forever Is Over
???
87.8%
???
2.1%
???
4.8%
Higher
???
87.8%
???
0.5%
???
6.4%
Whole Lotta History
???
87.8%
???
1.6%
???
4.8%
Up
???
87.8%
???
2.1%
???
4.8%
I Think We're Alone Now
???
87.2%
???
2.7%
???
4.3%
Just Can't Get Enough
???
87.2%
???
3.2%
???
3.2%
Life Got Cold
???
86.7%
???
2.7%
???
3.2%
About You Now
???
86.7%
???
2.7%
???
4.3%
See The Day
???
86.2%
???
4.8%
???
1.1%
Something New
???
86.2%
???
4.3%
???
3.2%
Shape
???
84%
???
1.6%
???
9.6%
Issues
???
84%
???
4.3%
???
4.3%
In the Middle
???
83.5%
???
5.9%
???
3.2%
What About Us
???
83.5%
???
4.3%
???
5.3%
Disco Love
???
81.4%
???
5.3%
???
5.9%
If This Is Love
???
81.4%
???
4.3%
???
9%
Wear My Kiss
???
80.9%
???
10.6%
???
2.7%
Overload
???
80.9%
???
6.4%
???
5.9%
Notorious
???
79.8%
???
3.2%
???
9.6%
Gentleman
???
79.8%
???
3.7%
???
10.1%
Get Sexy
???
78.7%
???
8%
???
5.3%
What Are You Waiting For?
???
75.5%
???
10.1%
???
10.1%
Quiz Playlist
Details
Report
Send in Message
Add To Playlist
Multiple Choice:
Click on answers out of a set of options
Forced Order:
Questions have to be entered in order without skipping
Random Order:
Randomize order of answers
Last Updated: Jul 9, 2019
Quiz Scoreboard
CHALLENGE
Sign Up to Join the Scoreboard
Show All
Scores
Hide
Comments
May contain spoilers
Recently Published
Billboard Blitz: Fleetwood Mac
by CooCooCachoo
Music
15s
Presidents Visiting Landmarks
by Hejman
History
7m
An Introduction to Baseball
by treessimontrees
Sports
5m
More to Explore
Quiz From the Vault
Featured Blog Post
Where Did the Easter Bunny Come From?
hide this ad
You Might Also Like...
Tags
Girl Bands
Girls Aloud
Music Industry
Music Tracks
Sugababe
Today's Top Quizzes in Music
Browse Music
hide this ad
Today's Top Quizzes in Girls Aloud
Browse Girls Aloud
Top Contributed Quizzes in Music
1
Taylor Swift All Songs (2024)
2
Guess the Artist- 70s Songs
3
7-to-1: Billboard Hot 100 #1 Hits of 2010s
4
Sorting Albums and Songs
5
Taylor Swift Logic Puzzle
6
KPOP LOGIC QUIZ
7
One Thing in Common: Music
8
Guess the Taylor Swift song (Mystery Song)
9
2010s Album by Cover III
10
Guess The Taylor Swift Lyrics Song #1
Explore More
Trending Topics
Harry Potter
Marvel
Disney
Kpop
Anime
Crossword
NBA
Puzzle
Pokémon
WWE
Country
Song
The Office
Soccer
NFL
hide this ad
More By:
BambiKiller
Quiz
Plays
Rating
Category
Featured
Created
Celebrity Big Brother Housemates (UK) 2001-2018
2,180
5.00
Television
Dec 29, 2017
Bad Girls Characters (UK Series)
1,899
3.33
Television
May 10, 2010
X-Men in the Movies
1,422
4.59
Movies
Apr 17, 2010
The Dudley Family
1,260
2.60
Sports
May 5, 2010
Wentworth Prison Characters
1,034
5.00
Television
Jul 24, 2019
Go to Creator's Profile
Score Distribution
Quiz Creator Spotlight
BambiKiller
Follow
Send a Message
Quizzes Created
-
Created Quiz Play Count
-
More By This Creator
Popular Quizzes Today
1
Find the US States - No Outlines Minefield
2
Find the Countries of Europe - No Outlines Minefield
3
The Countries of the World
4
Find the US States
5
Risky Map Clicking: Biggest States A-Z
6
US States
7
Popular People in 1961
8
Movies - When Are They Set?
More Music Quizzes
Quick Pick: British Rock Bands
Curator's Pick
Trending Quizzes
Risky Map Clicking: Least Populous States A-Z
1-10 Letter G Words
1-10 Letter F Words
Risky Map Clicking: Next State Alphabetically
Risky Map Clicking: Biggest States A-Z
Recently Updated
Leaping Animals
pecheneg
Reality TV Shows (A-Z)
bhenderson79
Rickey Henderson's Hall of Fame Teammates
pecheneg
Champions League XIs: Arsenal
pecheneg
Quick Pick: Celebrities in WWE's Hall of Fame
aduchscher
A-Z Keypad Blitz II
pecheneg
Multiple Oscar Actors
pecheneg
Mystery Phrase Blitz: Oscar 'Best Actors'
pecheneg
F. Scott Fitzgerald Novels
LTH
Pick 3 Villains
ddd62291
Trending Topics
Marvel
Harry Potter
NBA
Crossword
Kpop
Disney
Anime
Soccer
NFL
WWE
Pokémon
Puzzle
Song
Country
The Office
Your Account Isn't Verified!
In order to create a playlist on Sporcle, you need to verify the email address you used during registration. Go to your
Sporcle Settings
to finish the process.
Report this User
Report this user for behavior that violates our
Community Guidelines
.
Details:
Send Report
Go to the Sporcle.com Mobile Site →
Comments